000 00556nam a2200145 a 4500
008 120416s1965 ||||||||||||||||| || u
050 _aQP 521 Rog
100 _aRoginskii, S. L
245 1 0 _aIsotopes in biochemistry
246 _atheory, problems, results
260 _aJerusalem
_bIsrael Program for Scientific Translation
_c1965
300 _aviii, 312p. : ill.
350 _a0.00
995 _D0.00
_FCBU-MAIN LIBRARY (Kitwe)
_H1
_I13.10
_M1
_UAVAILABLE
_WMar 22, 2007
_ZAnnex Low-Usage Collection
999 _c48388
_d48388